| 000 | 00623nam a2200205Ia 4500 | ||
|---|---|---|---|
| 001 | 5557 | ||
| 003 | GE_BSU | ||
| 008 | 181216s||||||||xx |||||||||||||| ||und|| | ||
| 040 | _cGE_BSU | ||
| 080 | _a517 | ||
| 100 | _aКанторович Л.В. Крылов В.И. | ||
| 245 | _aПриближенные методы высшего анализа. | ||
| 245 | _bИзд. 5-Е, испр. | ||
| 260 | _aМ. — Л | ||
| 260 | _bГосиздат физ.-мат. лит-ры. | ||
| 260 | _c1962 | ||
| 300 | _a707 с. 22 см. | ||
| 653 | _aПриближенные методы высшего анализа. | ||
| 942 | _cBK | ||
| 999 |
_c39037 _d39037 |
||